000 00538nam a2200205Ia 4500
005 20250508165250.0
008 008 250505s9999 xx 000 0 eng d
020 _a978-0-340-98343-0
037 _aTextual
040 _aFEDL
_beng
_cFEDL
041 _aeng
_2eng
084 _a891.433, SEH
_qFEDL
100 _aSehgal Pratap
245 0 _aPriyakant
260 _aNew Delhi, India
_bKitabghar Prakashan
_c2010
300 _a111p.
365 _aINR
_b160
942 _cTEXL
_h891.433, SEH
999 _c1394129
_d1394129